000 00454nam a2200193Ia 4500
008 210210b1949 xxu||||| |||| 00| 0 eng d
041 _aeng
082 _a825/320
100 _aEVANS (B I)
245 _aEnglish literature between the wars
260 _aLondon
_bMethuen & Co Ltd.
_c1949
650 _awars
650 _athe
650 _aliterature
650 _aEnglish
650 _abetween
690 _aEnglish Criticism
906 _a014637
999 _c133852
_d133852